000 00869nam a2200253 4500
001 20333
003 HDC
007 cr bn ---aaaaa
008 210208c20110623th dr|noo 0 a may d
040 _aHDC
245 0 _aDisplay of invalid halal signs on the rise - Daud
260 _a[Brunei] :
_bThe Borneo Post Online,
_c2011
336 _atext
_2rdacontent
337 _acomputer
_2rdamedia
338 _aonline resource
_2rdacarrier
610 _aHalal Development Corporation
650 _aFood industry and trade.
_9140
650 _aGlobal maritime halal hub
_95874
710 _aThe Borneo Post Online,
_eissuing body
856 _zRequest full-text at [email protected]
942 _2lcc
942 _cNEWS
942 _kNWSO 005472
999 _c17649
_d17649